00553cam a22001457a 4500008004000000082001800040245012000058260002500178300000900203500001600212650003200228700003800260999001900298952009000317180718bn.d. xxu||||| |||| 00| 0 eng d aP2x54112 N131 aA report of the survey of preferances and aspirations of students in Nagalandcby Naga Institute of Culture, Kohima aKohimabN.I.C.cn.d. av.p. aCyclostyled aStudents - India - Nagaland aNaga Institute of Culture, Kohima c477104d477104 00104070aIIPAbIIPAd2018-08-04oP2x54112 N131pGR9197r2018-08-04w2018-08-04yGR